| 000 | 01264nam a2200229Ia 4500 | ||
|---|---|---|---|
| 999 |
_c39637 _d39637 |
||
| 001 | 6237 | ||
| 003 | GE_BSU | ||
| 005 | 20190620183305.0 | ||
| 008 | 181216s2006||||ge |||||||||||||| ||geo|| | ||
| 040 | _cGE_BSU | ||
| 041 | _ageo | ||
| 080 | _a628.1 : 66 თ-29 | ||
| 245 |
_aთანადობის კრიტერიუმების გამოყენება წყლის ქიმიური დამუშავების პროცესში. _cზ. მეგრელიშვილი, შ. დიდმანიძე, ზ. ბერიძე და სხვა. ; რედ. დ. ჩხაიძე |
||
| 264 |
_aბათუმი : _bბათუმის უნ-ტი, _c2006. |
||
| 300 |
_a122 გვ. : _bცხრ. ; _e 20სმ. |
||
| 504 | _aბიბლიოგრ. : გვ. 116. | ||
| 653 | _aთანაფარდობის კრიტერიუმების გამოყენება წყლის ქიმიური დამუშავების პროცესში. | ||
| 653 | _aქიმია | ||
| 653 | _aწყლის ქიმიური დამუშავება. | ||
| 700 |
_aჩხაიძე, დ. _eრედაქტორი _91824 |
||
| 942 |
_cBK _2udc |
||